01353nam a2200337 i 450000500170000000700030001700800410002002000180006104000350007904100080011404300120012208200220013410000530015624500700020925000510027926400320033030000300036233600270039233700330041933800280045250000600048050400270054065000380056765000380060565000400064365000370068394200120072099900150073295201350074795201330088220220317001618.0ta161108s2015 ck gr 000 0 spa d a9789583510427 aCO-BoRNBPbspaerdacCO-BoRNBP0 aspa as-ck---04a320.404bR62e2231 aRodriguez Rodríguez, Librardo,d1949- ,eautor10aEstructura del poder público en ColombiacLibardo Rodríguez R aDecimoquinta edición,bsegunda reimpresión 1aBogotábTemisc2015c2020 axix, 336 páginasc22 cm atextobtxt2rdacontent asin mediaciónbn2rdamedia avolumenbnc2rdacarrier aIncluye índice de autores e índice de disposiciones aIncluye bibliografía17aPoder ejecutivozColombia2ARMARC17aPoder públicozColombia2ARMARC17aPoder legislativozColombia2ARMARC17aPoder judicialzColombia2ARMARC 2ddccBK c7532d7532 00102ddc40708GENaMECASARIbMECASARIcGENd2024-11-10l0o342.044 - R62EpBM0001243r2024-11-10 15:37:03tEj.1w2024-11-10yBK 00102ddc40708GENaMEMAPJGAbMEMAPJGAcGENd2025-07-22l0o320.404 R62epMPJG00445r2025-07-22 15:25:23tEj.1w2025-07-22yBK